00557nam a2200145Ia 4500008004100000024004800041082001900089100005700108245004100165260002600206600002200232650003300254856010700287999001700394260210s9999 xx 000 0 und d a14B-111-EL, 14B-122-EL & 14B-145-EL a621.382110 MUH aMohammad Bilal, Kashif Khan & Hafiz Muhammad Ali 0aGSM Based Power Line Theft Detection aKarachi:bUITU,c2014 aPower Engineering aBachelor of Engineering (BE) uhttps://drive.google.com/file/d/1dRCD9oA97Ymzk7UZomLwAfxd-9ICrWf2/view?usp=sharingyClick here for PDF c33326d33326